| 000 | 00340nam a22001217a 4500 | ||
|---|---|---|---|
| 020 | _a0201721872 | ||
| 082 |
_222 _a005.4469 |
||
| 100 | _aSchreiber, Suen B. | ||
| 245 |
_aUndocumented windows 2000 secrets : _bprogrammer's cookbook / |
||
| 260 |
_aUSA, _bAddison Wesley, _cc2001. |
||
| 300 |
_axxviii, 563p. ; _bill. ; _c23 cm. |
||
| 942 |
_2ddc _cIT |
||
| 999 |
_c2073 _d2073 |
||